000 00363nam a2200121 a 4500
001 000038858
005 20201002031410.0
008 130430s1995 dr 000 0 spa d
040 _aDO-SdBNP
_bspa
_cBNPHU
245 0 0 _aCatequesis sobre el obíspo.
260 _aHigüey,República Dominicana :
_bPastoral del Obispado de Higüey,
_c1995.
300 _a28 p. ;
_c21 cm.
999 _c38348
_d38348